Statistics for Maya Hawke - Luna Moth (Lyrics)

Click here to take the quiz!

General Stats

  • This quiz has been taken 26 times
  • The average score is 148 of 169

Answer Stats

Answer% Correct
a
100%
I
100%
luna
100%
moth
100%
an
94%
at
94%
do
94%
down
94%
foot
94%
me
94%
my
94%
need
94%
needle
94%
on
94%
put
94%
Put
94%
that
94%
To
94%
to
94%
want
94%
You
94%
you
94%
your
94%
anyone
89%
bathroom
89%
be
89%
can
89%
don't
89%
door
89%
hurt
89%
In
89%
party
89%
said
89%
The
89%
the
89%
thing
89%
through
89%
was
89%
would
89%
could
83%
could,
83%
cry
83%
didn't
83%
If
83%
let
83%
myself
83%
one
83%
see
83%
sorry
83%
try
83%
ugly
83%
Watch
83%
watch
83%
why
83%
around
78%
doorstep
78%
else
78%
into
78%
it
78%
smile
78%
stick
78%
upstairs
78%
went
78%
alone
72%
broken
72%
But
72%
ease
72%
guilt
72%
only
72%
screamed
72%
wing
72%
and
67%
came
67%
crushed
67%
fly
67%
here
67%
kill
67%
left
67%
Like
67%
rebuilt
67%
terrycloth
67%
things
67%
found
61%
locked
61%
Not
61%
over
61%
with
61%
looking
56%

Score Distribution

Percentile by Number Answered

Percent of People with Each Score

Your Score History

You have not taken this quiz